Historia argentina contemporánea : provincia de Buenos Aires /

Guardado en:
Autor Principal: Miranda, Emilio
Otros Autores: Colombo, Edgardo
Formato: Libro
Publicado: Buenos Aires : Kapelusz, 1999.
Series:Biblioteca del Polimodal
Materias:
Etiquetas: Agregar Etiqueta
Sin Etiquetas, Sea el primero en etiquetar este registro!
LEADER 01180nam a22002535a 4500
001 CEM.cems010709
008 130507s1999##################000#0#####d
005 20211215172227.0
003 CEMS
245 1 0 |a Historia argentina contemporánea :  |b provincia de Buenos Aires /  |c Emilio Miranda, Edgardo Colombo. 
260 |a Buenos Aires :  |b Kapelusz,  |c 1999. 
300 |a 280 p. 
490 0 |a Biblioteca del Polimodal 
505 0 |a Hacia el nacimiento de la Argentina moderna -- La organización del Estado nacional y el régimen oligárquico (1852-1916) -- Experimento democrático del radicalismo, golpe y restauración oligárquica (1916-1943) -- La Argentina peronista (1943-1955 ) -- Dictaduras y democracias (1955-1976) -- El terror y la restauración democrática 
020 |a 9501324427 
100 1 |a Miranda, Emilio 
700 1 |a Colombo, Edgardo 
082 0 4 |a 982.06 
653 |a Historia 
653 |a Historia argentina 
653 |a Historia argentina-polimodal 
859 |a CEMS  |b BIB. CEMS - 11 de abril  |h 982.06  |i M672-1  |p 21347.01  |t Ej.1 
859 |a CEMS  |b BIB. CEMS - Agricultura  |h 982  |i M672  |p A0624.06  |t Ej.1 
859 |a CEMS  |b BIB. CEMS - Agricultura  |h 982  |i M672  |p A2908.17  |t Ej.2